Responses for Show #2481 - Monday, May 22, 1995

Contestants

[<< previous game]

Patrick Landers, a litigation attorney originally from Wakefield, Massachusetts

Carol Billerbeck, a freelance writer from San Francisco, California

Ron Lindsay, a philosophy professor from Alexandria, Virginia (whose 1-day cash winnings total $19,500)

[next game >>]

Jeopardy! Round responses

WORLD HISTORY
BUSINESS LOGOS & TRADEMARKS
FAMOUS FIRSTS
LONDON
HEADWEAR
DOUBLE TALK
    $100 5
Mao Tse-tung

Carol
    $100 25
Snap, Crackle & Pop

Patrick
    $100 17
donuts

Carol
    $100 18
the British Museum

Carol
    $100 28
a tam-o'-shanter

Ron
    $100 30
diddle diddle

Ron
    $200 4
Gandhi

Patrick
    $200 24
(Ron: What's Elsie the Cow?)

Elmer

Ron
Triple Stumper
    $200 16
a Christmas tree

Patrick
    $200 12
Wimbledon

Patrick
    $200 27
tassels

Ron
    $200 26
so-so

Carol
    $300 1
Charlemagne

Patrick
    $300 6
Cracker Jacks

Carol
    $300 13
a Social Security check

Ron
    $300 9
the Great Fire of London

Ron
    $300 20
bells

Carol
    $300 21
(Alex: Oh, you've had it many, many times with fish. What is [*] sauce?)

tartar

Triple Stumper
    $400 2
Cambodia

Patrick
    $400 7
Dutch Boy paint

Carol
    $400 14
New Jersey

Carol
    $400 10
cricket

Ron
    $400 19
(Alex: Remember, we're dealing with HEADWEAR. What is a [*]? A sun [*], a war [*]?)

a bonnet

Triple Stumper
    $400 22
aye-aye

Ron
    $500 3
(Carol: What is Italy?)
(Patrick: What is Portugal?)

Monaco

CarolPatrick
Triple Stumper
    $500 8
Allstate

Ron
    $500 15
Montreal

Patrick
    $500 11
Kensington Palace

Triple Stumper
    $500 29
a cord (the band)

Triple Stumper
    $600 23
(Ron: What is Tahiti?)
(Alex: No, you have--you made a mistake, I believe. You concentrated on the photo, and you forgot the category, which is DOUBLE TALK. It is in Tahiti, of course, the island of [*].)

Bora Bora

Ron

Scores at the first commercial break (after clue 15):

Ron Carol Patrick
$1,500 $700 $1,100

Scores at the end of the Jeopardy! Round:

Ron Carol Patrick
$1,500 $1,400 $1,400

Double Jeopardy! Round responses

FIRST LADIES
BACTERIA
THE BIBLE
TRAVEL & TOURISM
PHILOSOPHERS
MUSIC & LITERATURE
    $200 5
Nancy Reagan

Patrick
    $200 6
(Carol: What is fermentation?)

Vinegar

RonCarol
    $200 21
Nevada

Ron
    $200 12
Thoreau

Patrick
    $200 16
The Canterbury Tales

Patrick
    $400 4
snuff

Carol
    $400 15
Legionnaires' disease

Patrick
    $400 25
Sodom

Patrick
    $400 11
Charles Darwin

Triple Stumper
    $400 17
Paradise Lost

Carol
    $600 3
(Carol: What are countries?)

card game

Carol
Triple Stumper
    $600 8
nitrogen

Ron
    $600 24
(Alex: Less than a minute to go.)

Uriah

Triple Stumper
    $600 26
Man O' War

Triple Stumper
    $600 10
Nietzsche

Ron
    $600 18
Scheherazade

Patrick
    $1,000 1
[Patrick selected the first clue.]
(Patrick: Who is Nancy Reagan?)

Betty Ford

Patrick
    $800 13
a virus

Patrick
    $800 22
(Ron: What is Obadiah?)

Malachi

Ron
Triple Stumper
    $800 27
the Man of the Mountain in Franconia (the Great Stone Face)

Carol
    $800 7
Rousseau

Patrick
    $800 19
Ivanhoe

Ron
    $1000 2
Abigail Adams

Ron
    $1000 14
(Ron: What is typhoid?)

cholera

Ron
Triple Stumper
    $1000 23
The rose of Sharon

Triple Stumper
    $1000 28
(Patrick: What is Newfoundland?)
...
(Alex: St. John's is in Newfoundland. Saint John is in [*], Patrick.)
[The end-of-round signal sounds.]

New Brunswick

Patrick
Triple Stumper
    $1,600 9
Bertrand Russell

Ron
    $1000 20
Shelley

Patrick

Scores at the end of the Double Jeopardy! Round:

Ron Carol Patrick
$4,700 $2,200 $4,000

[wagering suggestions for these scores]

Final Jeopardy! Round responses

WORD ORIGINS
CarolWhat is cereal?
$0
PatrickWhat is cereal?
$703
RonWhat is cereal?
$4,600
cereal

Final scores:

Ron Carol Patrick
$9,300 $2,200 $4,703
2-day champion: $28,800 3rd place: Dykstra grandfather clock 2nd place: Broyhill Fontana living room set + Carpet One wall-to-wall carpeting

Game dynamics:

Coryat scores:

Ron Carol Patrick
$4,700 $2,200 $5,000
15 R
(including 1 DD),
4 W
(including 1 DD)
11 R,
3 W
16 R,
3 W
(including 1 DD)

Combined Coryat: $11,900

[game clues] [game scores] [suggest correction]

Game tape date: 1995-01-18
The J! Archive is created by fans, for fans. Scraping, republication, monetization, and malicious use prohibited; this site may use cookies and collect identifying information. See terms. The Jeopardy! game show and all elements thereof, including but not limited to copyright and trademark thereto, are the property of Jeopardy Productions, Inc. and are protected under law. This website is not affiliated with, sponsored by, or operated by Jeopardy Productions, Inc. Join the discussion at JBoard.tv.